000 01251cam a2200337 a 4500
001 000000955
005 20200929145442.0
008 740304s1974 paua b 001 0 eng
020 _a072161843X
040 _aDO-SdBNP
_bspa
_cBNPHU
082 _a616.39
_bD911d, 1974
100 1 _aDuncan, Garfield G.
_q(Garfield George),
_d1901-
_93358
240 1 0 _aDiseases of metabolism
245 1 0 _aDuncan's Diseases of metabolism /
_cwith contributions by Margaret J. Albrink... [et al.] / editado por Philip K. Bondy and Leon E. Rosenberg.
250 _a7a ed.
260 _aPhiladelphia :
_bSaunders,
_c1974.
300 _a2 v. :
_bil. ;
_c27 cm.
504 _aIncluye referencias bibliográficas.
505 0 _av. 1. Endocrinology -- v. 2. Genetics and metabolism.
590 _aLa Biblioteca posee el vol. 1
650 4 _aMetabolismo
_93359
650 4 _aDesórdenes del metabolismo
_93360
650 4 _aEndocrinología
_93361
700 1 _aAlbrink, Margaret J.,
_d1920-
_93362
700 1 _aBondy, Philip K.
_q(Philip Kramer),
_d1917-
_eed.
_93363
700 1 _aRosenberg, Leon E.,
_d1933-
_eed.
_93364
740 0 2 _aEndocrinology
740 0 2 _aDiseases of metabolism.
910 _aCatalogación por copia/ LC
910 _aJornada de catalogación
999 _c944
_d944